000 00539nam a2200193Ia 4500
005 20250326141615.0
008 250326s9999 xx 000 0 und d
020 _a1-55775-218-4
037 _aTextbook
040 _aFMSL
_beng
_cFMSL
041 _aeng
_2eng
084 _aX:8D.1 N1
_qFMSL
100 _aIMF
_9744340
245 0 _aInternational capital markets development and prospects
_cIMF
260 _aWashington
_bWashington, IMF
_c1991
300 _avii,136
942 _cTB
_hX:8D.1 N1
999 _c1291121
_d1291121